| 000 | 00745nam a22001697a 4500 | ||
|---|---|---|---|
| 003 | UA-OsUOA | ||
| 001 | 18930 | ||
| 007 | ta | ||
| 008 | 20040620b un ||||| |||| 00| 0 ukr d | ||
| 942 | _cSA | ||
| 040 |
_aUA-OsUOA _cUA-OsUOA _dUA-OsUOA |
||
| 245 |
_aЗразковий хор - заслужений керівник _b[Худ. керівникові зразкового хору хлопчиків Радивилів. ЗОШ N2 Лісковому Л. присвоєно почесне звання "Засл. працівник культури України"] |
||
| 300 | _aС.1 | ||
| 955 | _a0 | ||
| 773 | 0 |
_w0 _tВісті Рівненщини _dРівне _d2004 _g№56/16 черв./ |
|
| 650 | 7 |
_aКраєзнавча робота _2UDC |
|
| 999 |
_c305101 _d305101 |
||